000 01588nam a22001577a 4500
999 _c523312
_d523312
008 230807b ||||| |||| 00| 0 eng d
100 _aMadhavkumar, Vandana
_942456
245 _aHuman resource management practices as determinants of organizational performance
260 _aProductivity
300 _a63(4), Jan-Mar, 2023: p.465-477
520 _aHuman capital being unique and inimitable is a source of competitive advantage for organizations. Literature suggests that effective and well-established human resource management (HRM) practices help in better retention and utilization of human resources, thereby resulting in the improvement of the organizational performance overall. Most studies have examined the linkage between HRM practices and organizational performance in large organizations. Not much research is available on the effect of HR practices on the performance of small and medium enterprises (SMEs). Coimbatore is an entrepreneurial hub, its industrial ecosystem dominated by SMEs, therefore, there is a need to explore the HR practices in the SMEs of Coimbatore. This study evaluates the relationship among HR practices and organizational performance of SMEs in Coimbatore. Data was collected from 200 SMEs that were members of the Coimbatore District Small Scale Industries Association (CODISSIA). It was found that HRM practices had a significant positive effect on organizational performance.- Reproduced
650 _aHuman resource management, Organizational performance
_942457
773 _aProductivity
906 _aHUMAN CAPITAL
942 _cAR